Obálka Náhled e-knihy:
Epub
Pro půjčování e-knih musíte být přihlášeni.
Jak si půjčit online?

Anne of Avonlea /

Venture back to the enchanted world of Avonlea in this exciting second instalment of the much-loved \\\'Anne of Green Gables\\\' series, which inspired Netflix\\\'s hit show \\\'Anne with an E\\\'. Our fiery-haired heroine, Anne, steps into her new life at sixteen as a schoo...

Celý popis

Uloženo v:
Série:Anne of Green Gables, část 2
Hlavní autor: Montgomery, L.M. (Autor)
Médium: E-kniha
Jazyk:Czech
Vydáno: Praha : Saga Egmont, 2024
Příbuzné jednotky:Z cyklu:: Anne of Green Gables
Tagy:
Žádné tagy
LEADER 01790nam a22002417i 4500
001 312333
007 ta
008 260601s2024 xr ||||| |||| 00| 0 cze d
020 |a 9990004012677 
044 |a xr 
100 1 |a  Montgomery, L.M.  |4 aut 
245 1 0 |a Anne of Avonlea /  |c  Montgomery, L.M. 
264 1 |a Praha :  |b Saga Egmont,  |c 2024 
300 |a 1 online zdroj (276 stran) 
336 |a text  |b txt  |2 rdacontent 
337 |a bez média  |b n  |2 rdamedia 
338 |a online zdroj  |b cr  |2 rdacarrier 
520 2 |a Venture back to the enchanted world of Avonlea in this exciting second instalment of the much-loved \\\'Anne of Green Gables\\\' series, which inspired Netflix\\\'s hit show \\\'Anne with an E\\\'. Our fiery-haired heroine, Anne, steps into her new life at sixteen as a schoolteacher. Will she navigate the tumultuous seas of classroom antics and come out unscathed? And why is the handsome Gilbert Blythe behaving so strangely? This touching narrative explores the intricate dance between growing pains and blossoming love. Perfect for those who cherish Enid Blyton\\\'s tales. Canadian author Lucy Maud Montgomery (1874-1942), renowned for the globally loved \\\'Anne of Green Gables\\\' series, transformed her lonely childhood and vibrant imagination into over twenty novels and countless short stories, poems, and essays. 
787 0 8 |g 2  |i Z cyklu:  |t Anne of Green Gables 
910 |a RBIT002 
998 |d 401267  |a https://core.palmknihy.cz/api/books/401267/cover?she9fr  |b https://core.palmknihy.cz/api/books/401267/cover/400?she9fr  |c https://core.palmknihy.cz/api/books/401267/cover/50?she9fr  |e   |g 276  |i 9990004012677  |j https://core.palmknihy.cz/api/books/401267/preview.epub  |l   |q 49  |r 1  |s https://www.palmknihy.cz/kniha/401267  |t ebook  |y 2024  |z 1  |v Anne of Green Gables  |w 2 
999 |d 312331